000 00503pab a2200193 454500
008 180718b2007 xxu||||| |||| 00| 0 eng d
100 _aNair, K.R.G.
245 _aMalnourishment among children in India: a regional analysis
260 _c2007
300 _ap.3797-803.
362 _a15 Sep
650 _aNutrition - India
650 _aChildren - India
650 _aMalnutrition - India
650 _aMalnutrition
773 _aEconomic and Political Weekly
908 _aN
909 _a75904
999 _c75904
_d75904